[Event "Women's Speed Chess Q5"]
[Site "chess.com INT"]
[Date "2020.06.22"]
[Round "12"]
[White "Tokhirjonova, Gulrukhbegim"]
[Black "Mahalakshmi, M"]
[Result "1-0"]
[WhiteTitle "WGM"]
[BlackTitle "WIM"]
[WhiteElo "2378"]
[BlackElo "2253"]
[WhiteFideId "14203626"]
[BlackFideId "5001080"]
[EventDate "2020.06.22"]

1. Nf3 Nf6 2. g3 b6 3. Bg2 Bb7 4. d4 g6 5. c4 Bg7 6. Nc3 O-O 7. O-O d6 8. Qc2
Nbd7 9. e4 e5 10. Be3 Ng4 11. Bg5 Qe8 12. d5 a5 13. b3 f5 14. h3 Ngf6 15. exf5
gxf5 16. Nh4 Qh5 17. Qxf5 Nxd5 18. Qxd7 Nxc3 19. Bxb7 Rab8 20. Be7 Qf7 21. Qxc7
Rfe8 22. Bxd6 Qxc7 23. Bxc7 Rxb7 24. Bd6 Rd7 25. Nf5 Red8 26. Ba3 Bf6 27. Bb2
Ne2+ 28. Kg2 Rd2 29. Ba3 e4 30. Ne3 Bxa1 31. Rxa1 Nc3 32. Be7 R8d7 33. Bf6 Nd1
34. Nd5 Rxf2+ 35. Kg1 Rd2 36. Bg5 Rd3 37. Nf6+ Kf7 38. Nxd7 Rxd7 39. Kf1 Kg6 40.
Bf4 Nc3 41. a3 Rd3 42. Rc1 Kf5 43. b4 axb4 44. axb4 e3 45. c5 Ke4 46. cxb6 Kf3
47. Bxe3 Rxe3 48. b7 Ne4 49. b8=Q Nxg3+ 50. Kg1 Ne2+ 51. Kh2 Nxc1 52. Qg3+ Ke2
53. Qg2+ Kd3 54. Qg7 Re2+ 55. Kg3 Re3+ 56. Kg4 Re4+ 57. Kg5 Ne2 58. Qxh7 Ke3 59.
h4 Rxb4 60. Qe7+ Re4 61. Qa7+ Nd4 62. h5 Re5+ 63. Kg6 Re6+ 64. Kg7 Kf4 65. Qxd4+
Kf5 66. Qd5+ Re5 67. Qxe5+ Kxe5 68. h6 Kf5 69. h7 Kg5 70. h8=Q Kg4 71. Qh6 Kg3
72. Qf6 Kg4 73. Kg6 Kg3 74. Qf5 Kg2 75. Kg5 Kg1 76. Qf4 Kg2 77. Kg4 Kg1 78. Qd2
Kh1 79. Kf3 1-0

[Event "Women's Speed Chess Q5"]
[Site "chess.com INT"]
[Date "2020.06.22"]
[Round "12"]
[White "Narva, Mai"]
[Black "Sukandar, Irine Kharisma"]
[Result "0-1"]
[WhiteTitle "WIM"]
[BlackTitle "IM"]
[WhiteElo "2333"]
[BlackElo "2413"]
[WhiteFideId "4500512"]
[BlackFideId "7101937"]
[EventDate "2020.06.22"]

1. e4 c5 2. Nf3 Nc6 3. d4 cxd4 4. Nxd4 g6 5. c4 Nf6 6. Nc3 d6 7. f3 Bg7 8. Be3
O-O 9. Be2 Qb6 10. O-O Ng4 11. fxg4 Bxd4 12. Bxd4 Qxd4+ 13. Kh1 Qxd1 14. Raxd1
Be6 15. Nd5 Bxd5 16. exd5 Ne5 17. g5 Rac8 18. b3 b5 19. Rc1 bxc4 20. bxc4 Rb8
21. Rc2 Rfc8 22. h4 Rc5 23. g4 Rb4 24. Rfc1 Kg7 25. Kg2 a5 26. h5 h6 27. gxh6+
Kxh6 28. Kg3 gxh5 29. gxh5 Ra4 30. Kf2 Ra3 31. Kg2 Re3 32. Kf2 Re4 33. Rc3 Rf4+
34. Kg3 Rd4 35. R1c2 Rc8 36. Kf2 Rg8 37. Ke3 Rh4 38. c5 Rg3+ 39. Kd2 Rd4+ 40.
Ke1 Rxc3 41. Rxc3 dxc5 42. Rxc5 a4 43. a3 Nd3+ 44. Bxd3 Rxd3 45. Rc7 Re3+ 46.
Kd2 Re5 47. Rd7 Kxh5 48. Kd3 Kg5 49. Kd4 Rf5 50. Rxe7 Kf6 51. Ra7 Rf3 52. d6
Rxa3 53. Kc5 Rc3+ 54. Kb6 Ke6 55. d7 Ke7 56. Kb5 Kd8 57. Kxa4 Rd3 58. Kb4 Rxd7
59. Ra1 Rc7 60. Re1 f6 61. Kb5 Kd7 62. Kb6 Rc2 63. Kb5 f5 64. Kb4 Kd6 65. Kb3
Rc8 66. Kb4 Kd5 67. Kb3 f4 68. Re7 Kd4 69. Kb4 Rb8+ 70. Ka3 f3 71. Ka2 Kd3 72.
Rf7 Ke2 73. Ka3 Ke3 74. Re7+ Kf2 75. Rf7 Ke2 76. Re7+ Kf1 77. Rf7 f2 78. Ka2 Re8
79. Kb3 Ke2 80. Kc2 f1=Q 81. Re7+ 0-1

[Event "Women's Speed Chess Q5"]
[Site "chess.com INT"]
[Date "2020.06.22"]
[Round "12"]
[White "Nandhidhaa, P V"]
[Black "Goltseva, Ekaterina"]
[Result "0-1"]
[WhiteTitle "WGM"]
[BlackTitle "FM"]
[WhiteElo "2365"]
[BlackElo "2306"]
[WhiteFideId "5050847"]
[BlackFideId "24173770"]
[EventDate "2020.06.22"]

1. e4 e5 2. Nf3 Nc6 3. Bb5 a6 4. Ba4 Nf6 5. d3 d6 6. c3 g6 7. O-O Bg7 8. Nbd2
O-O 9. h3 b5 10. Bb3 Na5 11. Bc2 c5 12. Re1 Qc7 13. Nf1 Bb7 14. Ne3 Rad8 15. c4
bxc4 16. Nxc4 Nc6 17. Bd2 d5 18. exd5 Nxd5 19. Qe2 Rfe8 20. Ba4 Re6 21. Bxc6
Bxc6 22. Ba5 Qc8 23. Bxd8 Qxd8 24. Qd2 Nf4 25. Re3 Bxf3 26. Rxf3 Qg5 27. Rg3 Qf5
28. Re1 h5 29. Rge3 Qg5 30. Rg3 Qf5 31. Rge3 f6 32. Qa5 h4 33. Qxc5 Qg5 34. g3
Kh7 35. Kh2 hxg3+ 36. fxg3 Nh5 37. Qc8 Re7 38. Qg4 Qh6 39. Qh4 Rf7 40. g4 Qf4+
41. Kg2 Bh6 42. Qf2 Qxf2+ 43. Kxf2 Bxe3+ 44. Rxe3 Nf4 45. Rf3 Rd7 46. d4 Rxd4
47. Na3 Rd2+ 48. Kg3 Rxb2 49. Nc4 Rxa2 50. Nd6 g5 51. Rf2 Ra3+ 52. Rf3 Rxf3+ 53.
Kxf3 Nxh3 54. Ne8 Kg6 55. Ke4 Nf2+ 56. Kf3 Nd3 57. Ke4 Nf4 58. Kf3 a5 59. Nd6 a4
60. Nc4 Ne6 61. Ke4 Nd4 62. Kd5 Nf3 63. Ke4 Nd4 64. Ke3 Kf7 65. Ke4 Ke6 66. Na3
f5+ 67. gxf5+ Nxf5 68. Kf3 Nd6 69. Kg4 Kf6 70. Nc2 e4 71. Ne3 a3 72. Nd5+ Ke5
73. Nc3 Kd4 74. Na2 Kd3 75. Kxg5 e3 76. Kf4 e2 77. Nc1+ Kd2 78. Nxe2 Kxe2 79.
Ke5 a2 80. Kxd6 a1=Q 81. Kc7 Qa5+ 82. Kb8 Qb6+ 83. Kc8 Qc6+ 84. Kb8 Qd7 85. Ka8
Kd3 0-1

[Event "Women's Speed Chess Q5"]
[Site "chess.com INT"]
[Date "2020.06.22"]
[Round "13"]
[White "Tsukerman, Julia"]
[Black "Petrova, Irina"]
[Result "0-1"]
[WhiteTitle "WCM"]
[BlackTitle "WIM"]
[WhiteElo "1523"]
[BlackElo "2087"]
[WhiteFideId "2621649"]
[BlackFideId "14124122"]
[EventDate "2020.06.22"]

1. e4 d6 2. d4 Nf6 3. Nc3 e5 4. Be3 exd4 5. Bxd4 Nc6 6. Be3 g6 7. f3 Bg7 8. Bc4
O-O 9. Qd2 a6 10. O-O-O b5 11. Bb3 b4 12. Nd5 a5 13. Kb1 a4 14. Bc4 Ne5 15. Be2
Nxd5 16. exd5 b3 17. cxb3 axb3 18. a3 Bf5+ 19. Ka1 Nc4 20. Bd4 Nxd2 0-1

[Event "Women's Speed Chess Q5"]
[Site "chess.com INT"]
[Date "2020.06.22"]
[Round "13"]
[White "Sharmin, Samiha Shimmi"]
[Black "Kaya, Emel"]
[Result "0-1"]
[WhiteTitle "WCM"]
[BlackTitle "WCM"]
[WhiteElo "1812"]
[BlackElo "1912"]
[WhiteFideId "10203087"]
[BlackFideId "6306411"]
[EventDate "2020.06.22"]

1. e4 c5 2. Nf3 g6 3. d4 cxd4 4. Nxd4 Bg7 5. Nc3 Nc6 6. Be3 Nf6 7. f3 O-O 8. Bc4
Qb6 9. Qd2 Nxe4 10. fxe4 Bxd4 11. Bxd4 Qxd4 12. Qe2 d6 13. Rd1 Qb6 14. Bb3 Be6
15. h4 Bxb3 16. axb3 f5 17. h5 fxe4 18. hxg6 hxg6 19. Nxe4 Ne5 20. Ng5 Rac8 21.
c3 Qxb3 22. Qd2 Rf5 23. Ne4 Rcf8 24. Qh6 Rf1+ 25. Rxf1 Rxf1+ 26. Kxf1 Qxd1+ 27.
Kf2 Ng4+ 0-1

[Event "Women's Speed Chess Q5"]
[Site "chess.com INT"]
[Date "2020.06.22"]
[Round "13"]
[White "Arabidze, Meri"]
[Black "Eswaran, Ashritha"]
[Result "1-0"]
[WhiteTitle "IM"]
[BlackTitle "WIM"]
[WhiteElo "2428"]
[BlackElo "2244"]
[WhiteFideId "13604040"]
[BlackFideId "2080788"]
[EventDate "2020.06.22"]

1. d4 Nf6 2. c4 e6 3. Nf3 c5 4. Nc3 cxd4 5. Nxd4 Be7 6. g3 O-O 7. Bg2 Nc6 8. O-O
Nxd4 9. Qxd4 d6 10. b3 a6 11. Bb2 Qc7 12. Rfd1 Bd7 13. Rac1 Bc6 14. Nd5 Qd8 15.
Nxe7+ Qxe7 16. Bxc6 bxc6 17. Qxd6 Qb7 18. Bxf6 gxf6 19. Qf4 Qe7 20. Rd6 Rac8 21.
Rcd1 f5 22. Qe5 Rfd8 23. c5 Qg5 24. h4 Qe7 25. Kg2 Rb8 26. R1d4 Rxd6 27. cxd6
Qd7 28. h5 Rb5 29. Qf6 h6 30. Qxh6 Rd5 31. Qg5+ Kh7 32. Rxd5 cxd5 33. Qe7 Qc6
34. Qxf7+ Kh8 35. d7 d4+ 36. Kh2 1-0

[Event "Women's Speed Chess Q5"]
[Site "chess.com INT"]
[Date "2020.06.22"]
[Round "13"]
[White "Hryzlova, Sofiia"]
[Black "Singgih, Diajeng Theresa"]
[Result "1-0"]
[WhiteTitle "WCM"]
[BlackTitle "WFM"]
[WhiteElo "1940"]
[BlackElo "1972"]
[WhiteFideId "14174669"]
[BlackFideId "7104391"]
[EventDate "2020.06.22"]

1. c4 e5 2. g3 c6 3. e3 d5 4. Bg2 Nf6 5. b3 Be7 6. Bb2 O-O 7. Bxe5 Ng4 8. Bb2
Bf6 9. Nc3 d4 10. Ne4 dxe3 11. Nxf6+ Qxf6 12. Bxf6 exf2+ 13. Kf1 Bf5 14. Ne2 Re8
15. Bd4 Bd3 16. Bf3 h5 17. Bxg4 hxg4 18. Be3 Nd7 19. Kxf2 Ne5 20. Nf4 Be4 21. d4
Bf3 22. dxe5 Bxd1 23. Rhxd1 Rxe5 24. Rd3 Rae8 25. Rad1 1-0

[Event "Women's Speed Chess Q5"]
[Site "chess.com INT"]
[Date "2020.06.22"]
[Round "13"]
[White "Tarini, Goyal"]
[Black "Narva, Mai"]
[Result "0-1"]
[WhiteTitle "WFM"]
[BlackTitle "WIM"]
[WhiteElo "2164"]
[BlackElo "2333"]
[WhiteFideId "5082749"]
[BlackFideId "4500512"]
[EventDate "2020.06.22"]

1. d4 Nf6 2. c4 d5 3. Nf3 g6 4. cxd5 Nxd5 5. g3 Bg7 6. Bg2 O-O 7. O-O c5 8. e4
Nf6 9. e5 Nd5 10. dxc5 Nc6 11. Re1 Ndb4 12. Bd2 Nd3 13. Re2 Nxb2 14. Qc2 Nd3 15.
Bc3 Bf5 16. Qd1 Nxc5 17. Rd2 Qc7 18. Na3 a6 19. Nc4 Ne4 20. Rc2 Nxc3 21. Rxc3
Nxe5 22. Ncxe5 Qxc3 23. Rc1 Qa3 24. Rc7 b5 25. Qe2 Rac8 26. Rxc8 Rxc8 27. h3 Rc2
28. Qe3 Qc5 29. Qf4 Qxf2+ 30. Kh2 Qxg2# 0-1

[Event "Women's Speed Chess Q5"]
[Site "chess.com INT"]
[Date "2020.06.22"]
[Round "13"]
[White "Nurmanova, Alua"]
[Black "Vidyarthi, Omya"]
[Result "1-0"]
[WhiteTitle "WFM"]
[BlackTitle "WCM"]
[WhiteElo "2026"]
[BlackElo "1709"]
[WhiteFideId "13729390"]
[BlackFideId "30931665"]
[EventDate "2020.06.22"]

1. e4 e5 2. Nf3 Nc6 3. Bc4 Bc5 4. b4 Bxb4 5. c3 Ba5 6. d4 exd4 7. O-O dxc3 8.
Qb3 Qf6 9. Bg5 Qg6 10. Nxc3 Bxc3 11. Qxc3 Nge7 12. Bxe7 Kxe7 13. e5 Re8 14. Bd3
Qh6 15. Rac1 Kd8 16. Nd4 Qg5 17. f4 Qe7 18. Rfe1 h6 19. Be4 Rb8 20. Red1 g5 21.
Bxc6 bxc6 22. Nxc6# 1-0

[Event "Women's Speed Chess Q5"]
[Site "chess.com INT"]
[Date "2020.06.22"]
[Round "13"]
[White "Vaishali, R"]
[Black "Maltsevskaya, Aleksandra"]
[Result "1-0"]
[WhiteTitle "WGM"]
[BlackTitle "WGM"]
[WhiteElo "2393"]
[BlackElo "2272"]
[WhiteFideId "5091756"]
[BlackFideId "24174041"]
[EventDate "2020.06.22"]

1. e4 c5 2. Nc3 Nc6 3. Nge2 g6 4. g3 Bg7 5. Bg2 e6 6. d3 Nge7 7. Be3 b6 8. Qd2
h5 9. d4 d5 10. exd5 exd5 11. O-O-O O-O 12. dxc5 bxc5 13. Bxc5 Qa5 14. Bxe7 Nxe7
15. Nxd5 Nxd5 16. Qxa5 1-0

[Event "Women's Speed Chess Q5"]
[Site "chess.com INT"]
[Date "2020.06.22"]
[Round "13"]
[White "Tokhirjonova, Gulrukhbegim"]
[Black "Zhao, Xue"]
[Result "0-1"]
[WhiteTitle "WGM"]
[BlackTitle "GM"]
[WhiteElo "2378"]
[BlackElo "2486"]
[WhiteFideId "14203626"]
[BlackFideId "8601283"]
[EventDate "2020.06.22"]

1. Nf3 Nf6 2. g3 b6 3. Bg2 Bb7 4. O-O e6 5. d4 c5 6. c3 Be7 7. Bf4 O-O 8. Nbd2
d6 9. Qc2 Nbd7 10. e4 cxd4 11. cxd4 Rc8 12. Qd3 Qc7 13. Rac1 Qb8 14. h3 Qa8 15.
Nh2 e5 16. Be3 exd4 17. Bxd4 Nc5 18. Qe3 Rfe8 19. Bxc5 Rxc5 20. b4 Rxc1 21. Rxc1
Bf8 22. Rc7 Nd5 23. exd5 Rxe3 24. fxe3 Qb8 25. Rc1 Qe8 26. e4 g6 27. Nc4 Ba6 28.
Ne3 Bg7 29. Nhg4 h5 30. Nf2 Qe5 31. g4 Qf4 32. Re1 Bc3 0-1

[Event "Women's Speed Chess Q5"]
[Site "chess.com INT"]
[Date "2020.06.22"]
[Round "13"]
[White "Goryachkina, Aleksandra"]
[Black "Kashlinskaya, Alina"]
[Result "1/2-1/2"]
[WhiteTitle "GM"]
[BlackTitle "IM"]
[WhiteElo "2582"]
[BlackElo "2494"]
[WhiteFideId "4147103"]
[BlackFideId "4198026"]
[EventDate "2020.06.22"]

1. e4 e5 2. Nf3 Nf6 3. Nxe5 d6 4. Nf3 Nxe4 5. Nc3 Nxc3 6. dxc3 Be7 7. Be3 O-O 8.
Qd2 Nd7 9. O-O-O Nf6 10. Bd3 c5 11. Rhe1 Be6 12. Kb1 Qa5 13. c4 Qxd2 14. Bxd2
Rfe8 15. h3 h6 16. b3 Bd7 17. Bc3 Bc6 18. Nh4 Nh5 19. Nf5 Bf8 20. g3 Rxe1 21.
Rxe1 Re8 22. Rxe8 Bxe8 23. a4 Bc6 24. Kc1 g6 25. Ne3 Bg7 26. Kd2 Bxc3+ 27. Kxc3
a5 28. Kd2 Nf6 29. Ke2 Kf8 30. Nd1 Bd7 31. h4 Bc6 32. Nc3 Ke7 33. Ke3 Ng4+ 34.
Ke2 Nf6 35. Ke3 Ng4+ 36. Ke2 Nf6 1/2-1/2

[Event "Women's Speed Chess Q5"]
[Site "chess.com INT"]
[Date "2020.06.22"]
[Round "13"]
[White "Kazarian, Anna-Maja"]
[Black "Antolak, Julia"]
[Result "0-1"]
[WhiteTitle "FM"]
[BlackTitle "WIM"]
[WhiteElo "2096"]
[BlackElo "2323"]
[WhiteFideId "1033689"]
[BlackFideId "1159569"]
[EventDate "2020.06.22"]

1. e4 c5 2. Nf3 e6 3. d4 cxd4 4. Nxd4 Nf6 5. Bd3 d5 6. exd5 Nxd5 7. O-O g6 8.
Bb5+ Bd7 9. c4 Nc7 10. Qf3 Nxb5 11. Nxb5 Bc6 12. Qc3 f6 13. Bf4 e5 14. Bxe5 fxe5
15. Qxe5+ Qe7 16. Qxh8 Na6 17. Qd4 Kf7 18. N1c3 Kg8 19. Rae1 Qg5 20. Re5 Qxg2# 0-1

[Event "Women's Speed Chess Q5"]
[Site "chess.com INT"]
[Date "2020.06.22"]
[Round "13"]
[White "Kiolbasa, Oliwia"]
[Black "Mamedjarova, Turkan"]
[Result "1-0"]
[WhiteTitle "WIM"]
[BlackTitle "WGM"]
[WhiteElo "2160"]
[BlackElo "2309"]
[WhiteFideId "1154613"]
[BlackFideId "13402005"]
[EventDate "2020.06.22"]

1. e4 e5 2. Nf3 Nc6 3. Bb5 a6 4. Ba4 Nf6 5. O-O b5 6. Bb3 Bc5 7. a4 Bb7 8. c3 d6
9. d4 Bb6 10. Re1 h6 11. Nbd2 exd4 12. e5 dxe5 13. Nxe5 O-O 14. axb5 axb5 15.
Rxa8 Bxa8 16. c4 Qd6 17. Ndf3 Nxe5 18. Nxe5 Nd7 19. Bf4 Nxe5 20. Bxe5 Qc6 21.
Qg4 g6 22. cxb5 h5 23. Qg3 Qxb5 1-0

[Event "Women's Speed Chess Q5"]
[Site "chess.com INT"]
[Date "2020.06.22"]
[Round "13"]
[White "Janzelj, Lara"]
[Black "Vifleemskaia, Svetlana"]
[Result "1-0"]
[WhiteTitle "WIM"]
[BlackTitle "WFM"]
[WhiteElo "2210"]
[BlackElo "1943"]
[WhiteFideId "14608391"]
[BlackFideId "4129490"]
[EventDate "2020.06.22"]

1. c4 c5 2. g3 Nf6 3. Bg2 d5 4. cxd5 Nxd5 5. Nc3 Nc7 6. Nf3 Nc6 7. O-O e5 8. d3
Be7 9. Be3 f6 10. Rc1 Rb8 11. a3 O-O 12. Nb1 Ne6 13. Nbd2 Ned4 14. Bxd4 cxd4 15.
Qb3+ Kh8 16. Rxc6 Bg4 17. Rcc1 Qd7 18. Ne4 b6 19. Qc2 Rfc8 20. Qd2 h5 21. Rxc8+
Rxc8 22. Rc1 Rxc1+ 23. Qxc1 h4 24. Nxh4 Bxe2 25. Ng6+ Kh7 26. Nxe7 Qxe7 27. Qd2
Bg4 28. h3 Be6 29. g4 Qc7 30. Ng3 Bb3 31. Be4+ g6 32. h4 Kg7 33. h5 g5 34. Nf5+
Kf7 35. Qb4 Be6 36. Qd6 Qc8 37. Qe7+ 1-0

[Event "Women's Speed Chess Q5"]
[Site "chess.com INT"]
[Date "2020.06.22"]
[Round "13"]
[White "Sliwicka, Alicja"]
[Black "Nguyen, Thi Mai Hung"]
[Result "1-0"]
[WhiteTitle "WIM"]
[BlackTitle "WGM"]
[WhiteElo "2317"]
[BlackElo "2258"]
[WhiteFideId "1150677"]
[BlackFideId "12401676"]
[EventDate "2020.06.22"]

1. e4 e6 2. d4 d5 3. Nc3 Nf6 4. Bg5 dxe4 5. Nxe4 Nbd7 6. Bd3 h6 7. Bxf6 Nxf6 8.
Ne2 Be7 9. O-O O-O 10. c3 b6 11. Nxf6+ Bxf6 12. Be4 Rb8 13. Ng3 c5 14. Qf3 cxd4
15. Rad1 Ba6 16. Rfe1 Qe7 17. cxd4 Rfd8 18. d5 exd5 19. Bh7+ Kxh7 20. Rxe7 Bxe7
21. Qxf7 Bf6 22. Nh5 Bxb2 23. Rxd5 Rxd5 24. Qxd5 Rc8 25. h3 Rc5 26. Qe4+ Kg8 27.
Nf4 Be5 28. g3 Bxf4 29. Qxf4 Bc8 30. Qb8 Kh7 31. Qxa7 Ra5 32. Qxb6 Ra6 33. Qb1+
g6 34. Qb3 Rc6 35. Qf7+ Kh8 36. a4 Rc1+ 37. Kh2 Bf5 38. Qe8+ Kg7 39. Qe5+ Kg8
40. a5 1-0

[Event "Women's Speed Chess Q5"]
[Site "chess.com INT"]
[Date "2020.06.22"]
[Round "13"]
[White "Golubeva, Oksana"]
[Black "Peycheva, Gergana"]
[Result "1-0"]
[WhiteTitle "WFM"]
[BlackTitle "FM"]
[WhiteElo "2179"]
[BlackElo "2255"]
[WhiteFideId "4170164"]
[BlackFideId "2916711"]
[EventDate "2020.06.22"]

1. Nf3 d5 2. g3 Nf6 3. Bg2 e6 4. d3 Be7 5. Nbd2 O-O 6. O-O c5 7. e4 Nc6 8. e5
Nd7 9. Re1 Qc7 10. Qe2 b6 11. Nf1 Bb7 12. Bf4 Rfe8 13. h4 b5 14. N1h2 Nf8 15. h5
d4 16. Ng4 Nb4 17. h6 g6 18. Qd2 Nd5 19. Bg5 Nd7 20. c4 dxc3 21. bxc3 c4 22. d4
a5 23. Bxe7 Rxe7 24. Ng5 b4 25. Ne4 bxc3 26. Qg5 f5 27. exf6 Rf7 28. Ne5 Rxf6
29. Nxf6+ N7xf6 30. Nxg6 hxg6 31. Qxg6+ Kh8 32. Rxe6 Rg8 33. Qf5 Qh7 34. Qe5 Qf7
35. Bxd5 Bxd5 36. Rxf6 Re8 37. Rxf7+ Rxe5 38. Rf8+ Kh7 39. dxe5 Kxh6 40. Rc1 Kg7
41. Rd8 1-0

[Event "Women's Speed Chess Q5"]
[Site "chess.com INT"]
[Date "2020.06.22"]
[Round "13"]
[White "Potapova, Margarita"]
[Black "Rakhmangulova, Anastasiya"]
[Result "1-0"]
[WhiteTitle "WIM"]
[BlackTitle "WIM"]
[WhiteElo "2270"]
[BlackElo "2191"]
[WhiteFideId "14126869"]
[BlackFideId "14117479"]
[EventDate "2020.06.22"]

1. d4 d5 2. c4 c6 3. Nf3 Nf6 4. g3 g6 5. Bg2 Bg7 6. O-O O-O 7. b3 Bf5 8. Bb2 Ne4
9. Nc3 Qa5 10. Nxe4 Bxe4 11. e3 Nd7 12. Qe2 Nf6 13. Rfd1 Rfd8 14. Qd2 Qa6 15.
Qb4 e6 16. a4 Qb6 17. Ba3 Bf8 18. Qc3 Bxa3 19. Rxa3 a5 20. Raa1 Qb4 21. Qxb4
axb4 22. Nd2 Bxg2 23. Kxg2 Ra7 24. Rac1 Rb8 25. Kf3 Nd7 26. e4 dxe4+ 27. Nxe4 b5
28. axb5 cxb5 29. c5 f5 30. Nd6 Nf6 31. Re1 Re7 32. c6 Nd5 33. Rc5 Kg7 34. Rxd5
Rd8 35. Nxf5+ 1-0

[Event "Women's Speed Chess Q5"]
[Site "chess.com INT"]
[Date "2020.06.22"]
[Round "13"]
[White "Sihite, Chelsie Monica Ignesias"]
[Black "Nandhidhaa, P V"]
[Result "1-0"]
[WhiteTitle "WIM"]
[BlackTitle "WGM"]
[WhiteElo "2252"]
[BlackElo "2365"]
[WhiteFideId "7101198"]
[BlackFideId "5050847"]
[EventDate "2020.06.22"]

1. c4 c5 2. Nc3 b6 3. g3 Bb7 4. Nf3 e6 5. Bg2 Nf6 6. O-O d6 7. d4 cxd4 8. Nxd4
Bxg2 9. Kxg2 Be7 10. e4 O-O 11. f4 a6 12. Qf3 Ra7 13. Be3 Rc7 14. b3 Rc8 15.
Rac1 Nbd7 16. Rfd1 Qc7 17. g4 Qb7 18. g5 Ne8 19. h4 Nc7 20. h5 b5 21. g6 bxc4
22. bxc4 Nc5 23. gxh7+ Kh8 24. Rb1 Qa8 25. Kf2 Rb8 26. Rxb8 Rxb8 27. Rg1 Rb2+
28. Nde2 Bf6 29. e5 Qxf3+ 30. Kxf3 Be7 31. exd6 Bxd6 32. Rd1 Nb7 33. Ne4 Ba3 34.
Rd7 Ne8 35. Ng5 Nf6 36. Rxf7 Nxh7 37. Bd4 Nf6 38. h6 Bc5 39. hxg7+ Kg8 40. Bxb2 1-0

[Event "Women's Speed Chess Q5"]
[Site "chess.com INT"]
[Date "2020.06.22"]
[Round "13"]
[White "Tomilova, Elena"]
[Black "Shuvalova, Polina"]
[Result "1-0"]
[WhiteTitle "WGM"]
[BlackTitle "WGM"]
[WhiteElo "2353"]
[BlackElo "2454"]
[WhiteFideId "4162340"]
[BlackFideId "24171760"]
[EventDate "2020.06.22"]

1. d4 Nf6 2. Bg5 e6 3. e4 h6 4. Bxf6 Qxf6 5. c3 c5 6. Nf3 cxd4 7. cxd4 Bb4+ 8.
Nc3 O-O 9. Rc1 b6 10. a3 Bxc3+ 11. Rxc3 Bb7 12. Bd3 d6 13. Qe2 Qe7 14. O-O Nc6
15. Rfc1 Rac8 16. Qc2 e5 17. d5 Nd4 18. Nxd4 exd4 19. Rc7 Qg5 20. Qd1 Rxc7 21.
Rxc7 Rc8 22. h4 Qxh4 23. Rxb7 Qg5 24. Bf1 Rc1 25. Qxd4 Qh5 26. Qd3 Qe5 27. Rxa7
Qxb2 28. e5 g6 29. e6 f5 30. Ra8+ Kg7 31. e7 Re1 32. e8=Q 1-0

[Event "Women's Speed Chess Q5"]
[Site "chess.com INT"]
[Date "2020.06.22"]
[Round "13"]
[White "Khotenashvili, Bela"]
[Black "Goltseva, Ekaterina"]
[Result "0-1"]
[WhiteTitle "GM"]
[BlackTitle "FM"]
[WhiteElo "2458"]
[BlackElo "2306"]
[WhiteFideId "13602640"]
[BlackFideId "24173770"]
[EventDate "2020.06.22"]

1. d4 Nf6 2. c4 e6 3. g3 Bb4+ 4. Nc3 O-O 5. Nf3 d5 6. Bg2 dxc4 7. O-O c5 8. dxc5
Nc6 9. Bg5 Bxc5 10. Qa4 Be7 11. Qxc4 Qa5 12. a3 Bd7 13. b4 Qf5 14. e4 Qg6 15.
Rfd1 Rfd8 16. Bf4 h6 17. e5 Nh5 18. Be3 Rac8 19. Qb3 f6 20. exf6 Nxf6 21. Nb5
Nd5 22. Nxa7 Nxa7 23. Bxa7 Bf6 24. Bd4 Bb5 25. Rac1 Qe8 26. Ne5 Ba4 27. Qa2 Bxd1
28. Rxd1 Nc3 0-1

[Event "Women's Speed Chess Q5"]
[Site "chess.com INT"]
[Date "2020.06.22"]
[Round "13"]
[White "Schut, Lisa"]
[Black "Cyfka, Karina"]
[Result "1-0"]
[WhiteTitle "WIM"]
[BlackTitle "IM"]
[WhiteElo "2259"]
[BlackElo "2411"]
[WhiteFideId "1019481"]
[BlackFideId "1122681"]
[EventDate "2020.06.22"]

1. e4 e5 2. Nf3 Nc6 3. Bc4 Nf6 4. d4 exd4 5. e5 d5 6. Bb5 Ne4 7. Nxd4 Bd7 8.
Bxc6 bxc6 9. O-O Bc5 10. Be3 Bb6 11. Nd2 Nxd2 12. Qxd2 c5 13. Bg5 f6 14. exf6
gxf6 15. Rfe1+ Kf7 16. Nf3 d4 17. Ne5+ Kg8 18. Nxd7 fxg5 19. Re8+ Qxe8 20. Nf6+
Kf7 21. Nxe8 Raxe8 22. Qxg5 Re6 23. Qf5+ Ke7 24. g3 Rf8 25. Qxh7+ Rf7 26. Qh4+
Kd7 27. Qg4 Kd6 28. a4 a5 29. h4 c4 30. Rd1 c5 31. h5 Ref6 32. f4 d3 33. cxd3
cxd3 34. Rxd3+ Kc7 35. Kg2 Re7 36. Qg5 Rfe6 37. Kh3 Re1 38. Qd5 R1e6 39. f5 Re5
40. Qd6+ Kb7 41. f6 Rxh5+ 42. Kg4 Reh7 43. Qe6 c4 44. Rd7+ Ka6 45. Rxh7 Rxh7 46.
Qxc4+ Ka7 47. Qe6 1-0

[Event "Women's Speed Chess Q5"]
[Site "chess.com INT"]
[Date "2020.06.22"]
[Round "13"]
[White "Golubenko, Valentina"]
[Black "Toncheva, Nadya"]
[Result "0-1"]
[WhiteTitle "WGM"]
[BlackTitle "WFM"]
[WhiteElo "2209"]
[BlackElo "2064"]
[WhiteFideId "4501993"]
[BlackFideId "2924056"]
[EventDate "2020.06.22"]

1. d4 d5 2. g3 Nf6 3. Bg2 e6 4. Nf3 c5 5. O-O Nc6 6. c3 Bd6 7. Nbd2 O-O 8. Qc2
b6 9. e4 dxe4 10. Nxe4 Nxe4 11. Qxe4 Bb7 12. Ng5 g6 13. Qh4 h5 14. d5 Ne5 15.
dxe6 Bxg2 16. exf7+ Nxf7 17. Kxg2 Be7 18. Nxf7 Qd5+ 19. Kg1 Bxh4 20. Nh6+ Kh7
21. gxh4 Rae8 22. Bg5 Re2 23. Rad1 Qe6 24. Rd3 Rexf2 25. Rfd1 Qe5 26. Rg3 Qe2
27. Rd7+ Kh8 28. Nf7+ R8xf7 29. Rxf7 Rxf7 30. Bh6 Qf1# 0-1

[Event "Women's Speed Chess Q5"]
[Site "chess.com INT"]
[Date "2020.06.22"]
[Round "13"]
[White "Millard, Charlotte"]
[Black "Swati, Mohota"]
[Result "0-1"]
[WhiteTitle "WCM"]
[BlackTitle "WFM"]
[WhiteElo "1252"]
[BlackElo "2027"]
[WhiteFideId "14320363"]
[BlackFideId "5006511"]
[EventDate "2020.06.22"]

1. e4 d5 2. exd5 Qxd5 3. Nc3 Qa5 4. Nf3 Nf6 5. d4 Bf5 6. Be3 c6 7. Bd3 e6 8.
Bxf5 Qxf5 9. Ne5 h5 10. h3 Nbd7 11. Nf3 Bb4 12. Qd2 Ne4 13. Qe2 Nxc3 14. bxc3
Bxc3+ 15. Bd2 Bxa1 16. O-O Bb2 17. Bb4 a5 18. Bc5 Nxc5 19. dxc5 O-O 20. Rb1 Ba3
21. Rxb7 Bxc5 22. Rc7 Qd5 23. Ne5 Bd6 24. Rxf7 Qxe5 25. Rxg7+ Kxg7 26. Qd3 Qh2+
27. Kf1 Rxf2+ 28. Kxf2 Rf8+ 29. Ke1 Qg1+ 30. Kd2 Bb4+ 31. c3 Rf2+ 32. Ke3 Qe1+
33. Kd4 Rf4+ 34. Qe4 Qxe4# 0-1